| 000 | 01129nam a2200265 c 4500 | ||
|---|---|---|---|
| 001 | 000032171 | ||
| 003 | DO-SdBNP | ||
| 005 | 20250204123856.0 | ||
| 007 | ta | ||
| 008 | 110713e1975 dr ahbc 000 e spa d | ||
| 040 |
_aDO-SdBNP _bspa _cBNPHU _erda |
||
| 082 | 4 |
_axxx _bF385j _222 |
|
| 100 | 1 |
_aFerreras, Ramón Alberto, _eautor _4aut. _911298 |
|
| 245 | 1 | 0 |
_aJayael (el hijo de Jaya) : _bbrevísimo esbozo histórico acerca de Santa Ana del Rincón de San Francisco de Macorís / _cFerreras Ramón Alberto ; prólogo, José Oscar Viñas Bonnelly. |
| 264 | 1 |
_aSanto Domingo : _bEditora UASD, _c1975. |
|
| 300 |
_a2 volumenes : _bilustraciones, retratos ; _c26 cm. |
||
| 336 |
_atexto _btxt _2rdacontent |
||
| 337 |
_asin mediación _bn _2rdamedia |
||
| 338 |
_avolumen _bnc _2rdacarrier |
||
| 505 | 0 |
_av.1-- _tDesde la orogénesis hasta el distrito pacificador -- _gv. 2-- _tDesde el distrito pacificador hasta la tercera ciudad de la República. |
|
| 590 | _aInventariado, 2024/BT | ||
| 700 |
_aViñas Bonnelly, José Oscar, _eprologuista _4pr. _924384 |
||
| 710 | 2 |
_aUniversidad Autónoma de Santo Domingo _972951 |
|
| 942 |
_2ddc _cLBS1 |
||
| 999 |
_c31662 _d31662 |
||